Statistics for Cheers in several languages

Click here to take the quiz!

General Stats

  • This quiz has been taken 9 times
  • The average score is 9 of 29

Answer Stats

HintAnswer% Correct
EnglishCheers
100%
GermanZum Wohl/Prost
67%
SpanishSalud
56%
ItalianSalute/Cin Cin
56%
IrishSlainte
56%
SwedishSkål
44%
IcelandicSkál
44%
NorwegianSkoll
44%
FrenchÀ Votre Santé
33%
HebrewL'Chaim
33%
PortuegueseA Sua Saúde/Viva
22%
TibetanChapda
22%
ThaiChok Dee
22%
HungarianEgesegedre
22%
AfrikaansGesondheid/Geluk
22%
GreekGia Mas/Stin igeia Mas
22%
KoreanGuhn-Bae
22%
DanishJubel
22%
JapaneseKanpai
22%
FinnishKippis/Terve
22%
SwahiliMaisha Marefu
22%
RussianNashe Zdoróvje
22%
CzechNa Zdravi
22%
PolishNa Zdrowie
22%
HawaiianOkole Maluna
22%
DutchProost
22%
TurkishSerefe
22%
Croatianživjeli
22%
MarathiJayajayakāra
11%

Score Distribution

Percentile by Number Answered

Percent of People with Each Score

Your Score History

You have not taken this quiz